Communes des Pyrénées-Atlantiques (64) de plus de 10000 habitants - Statistiques

Statistiques générales
  • Ce quiz a été pris 65 fois
  • Le résultat moyen est 8 sur 11
Statistiques - réponses
Habitants Commune % Correct
78620 (préfecture) Pau
100%
53312 Bayonne
97%
25810 Biarritz
97%
42288 Anglet
95%
10836 Orthez
79%
18074 Hendaye
77%
14690 Saint-Jean-de-Luz
77%
10658 Oloron-Sainte-Marie
64%
10594 Urrugne
49%
13708 Lons
41%
14037 Billère
33%
Aucun quiz correspondant
Distribution des résultats
% des personnes avec chaque résultat
Percentile par nombre de réponses
Votre historique - résultats
Vous n’avez pas pris ce quiz